| 000 | 00676nam a2200217 a 4500 | ||
|---|---|---|---|
| 005 | 20220520063629.0 | ||
| 008 | 991125s1996 mx 000 0 spa u | ||
| 020 | _a9682455103 | ||
| 035 | _aUPN01000024715 | ||
| 049 | _aLT | ||
| 050 | 4 |
_aLB1649 M62 _bH44 |
|
| 100 | 1 | _aHernández Chávez, Rodolfo | |
| 245 | 1 | 0 |
_aFísica dinámica : _bsegundo grado / _cRodolfo Hernández, Ma, Antonieta Lojero |
| 260 |
_aMéxico : _bTrillas, _c1996 |
||
| 300 |
_a104 p. : _bil. col |
||
| 440 | 0 | _aFísica y química para secundaria | |
| 650 | 4 |
_aFísica _xEstudio y enseñanza (Secundaria) _98873 |
|
| 700 | 2 |
_aLojero, María Antonieta, _ecoaut. |
|
| 904 |
_aAC _b024716 |
||
| 905 | _aLibro | ||
| 999 |
_c24715 _d24715 |
||